Phân bón hóa học
Trình bày tính chất vật lý, hoá học của phân bón và công nghệ chế tạo phân lân, phân đạm, phân Kali, phân bón dạng lỏng, phân trộn
Na minha lista:
| Autor principal: | |
|---|---|
| Formato: | Livro |
| Idioma: | Undetermined |
| Publicado em: |
Hà Nội
Khoa học và Kỹ thuật
2011
|
| Assuntos: | |
| Tags: |
Adicionar Tag
Sem tags, seja o primeiro a adicionar uma tag!
|
| Thư viện lưu trữ: | Trung tâm Học liệu Trường Đại học Cần Thơ |
|---|
| LEADER | 00753nam a2200205Ia 4500 | ||
|---|---|---|---|
| 001 | CTU_176533 | ||
| 008 | 210402s9999 xx 000 0 und d | ||
| 020 | |c 45000 | ||
| 082 | |a 668 | ||
| 082 | |b T406 | ||
| 100 | |a Nguyễn, Hoa Toàn | ||
| 245 | 0 | |a Phân bón hóa học | |
| 245 | 0 | |c Nguyễn Hoa Toàn | |
| 260 | |a Hà Nội | ||
| 260 | |b Khoa học và Kỹ thuật | ||
| 260 | |c 2011 | ||
| 520 | |a Trình bày tính chất vật lý, hoá học của phân bón và công nghệ chế tạo phân lân, phân đạm, phân Kali, phân bón dạng lỏng, phân trộn | ||
| 650 | |a Fertilizers,Phân bón hóa học | ||
| 910 | |a Nguyên | ||
| 980 | |a Trung tâm Học liệu Trường Đại học Cần Thơ | ||